000
00203 a2200097 4500
001
58642
100
_a
245
_a
Taliban
260
_a
Karachi
_b
Oxford university Press
_c
1992
090
_c
35967
_d
35967
942
_a
NUST-CAE
_c
_c
28854
999
_c
293715
_d
293715